00720 a2200193 4500999001500000010001400015020002300029035001300052037001500065082001100080245009400091260004300185270009200228300002200320500002000342700002200362942003000384952011200414 c5507d5507 aENG-86867 a8121209455c540.00 aEN-70400 bDBAD / PUB14a333.951 aMan in biosphere :ced. by Debabrata Mandalba case study of Sunderban bioshere reserve / aNew DelhibGyan Publishing Housec2007 a5, Ansari Road, DaryaganjbNew Delhie110 002k23282060, 23261060mbooks@gyanbooks .com a278 pc21 cm (Hb) aIncludes index1 aMandal, Debabrata adplcEN2ddch333.95mMAN 001040718NFICaDBADbDBADeDBAD/PUBg540.00l0o333.95 MANpEN-70400r2008-09-15 00:00:00t1v540.00yEN